000 00331nam a2200121Ia 4500
008 240731s9999 xx 000 0 und d
022 _a2396-9202
245 0 _aIran : Journal of the British Institute of Persian Studies
260 _bRoutledge
856 _uhttps://www.tandfonline.com/loi/rirn20
942 _2ddc
942 _cTFEJ
999 _c77340
_d77340
945 _a1
_bMadushi Gamage
_c1
_dMadushi Gamage